| 000 | 00445nam a2200145 a 4500 | ||
|---|---|---|---|
| 001 | 3480 | ||
| 003 | CDMR | ||
| 005 | 20130116135244.0 | ||
| 008 | 130130s1997||||||||||||||||||||||||||||d | ||
| 040 |
_aCDMR _bcat _cCDMR |
||
| 110 | 2 |
_aObservatoire Europeen de l'Audiovisuel _92501 |
|
| 245 | 1 | 0 |
_aStatistical yearbook _bFilm, television, video and new media in Europe 98 |
| 260 |
_aStrasbourg _c1997 _bObservatoire Européen de l'Audiovisuel |
||
| 942 | _cMON | ||
| 999 |
_c3480 _d3480 |
||